000
00327nam a2200157Ia 4500
100
_a
Festo
650
_a
festo
942
_c
RB
654
_a
sensors
245
_a
Sensors in production Engineering
260
_b
Festo
_a
Bangalore
_c
2001
082
_a
658.514/FES
_b
FES
300
_a
133
546
_a
ENGLISH
999
_c
33116
_d
33116